Classic spot illustrations from the twenties and thirties / (Record no. 17745)
[ view plain ]
| 000 -LEADER | |
|---|---|
| fixed length control field | 01401cam a22003134a 4500 |
| 008 - FIXED-LENGTH DATA ELEMENTS--GENERAL INFORMATION | |
| fixed length control field | 000414s2000 nyua 000 0 eng |
| 020 ## - INTERNATIONAL STANDARD BOOK NUMBER | |
| International Standard Book Number | 0486410633 (pbk.) |
| 050 00 - LIBRARY OF CONGRESS CALL NUMBER | |
| Classification number | NC1426 |
| Item number | .F5 2000 |
| 100 1# - MAIN ENTRY--PERSONAL NAME | |
| Personal name | Flagg, James Montgomery |
| 245 10 - TITLE STATEMENT | |
| Title | Classic spot illustrations from the twenties and thirties / |
| Statement of responsibility, etc. | by James Montgomery Flagg ... [et al.] ; edited by Herb Galewitz ; arranged by Carol Belanger Grafton. |
| 260 ## - PUBLICATION, DISTRIBUTION, ETC. (IMPRINT) | |
| Place of publication, distribution, etc. | Mineola, NY : |
| Name of publisher, distributor, etc. | Dover Publications, |
| Date of publication, distribution, etc. | 2000. |
| 300 ## - PHYSICAL DESCRIPTION | |
| Extent | iv, 123 p. : |
| Other physical details | all ill. ; |
| Dimensions | 28 cm. |
| 650 #0 - SUBJECT ADDED ENTRY--TOPICAL TERM | |
| Topical term or geographic name as entry element | Caricatures and cartoons |
| Geographic subdivision | United States. |
| 650 #0 - SUBJECT ADDED ENTRY--TOPICAL TERM | |
| Topical term or geographic name as entry element | American wit and humor, Pictorial. |
| 700 1# - ADDED ENTRY--PERSONAL NAME | |
| Personal name | Galewitz, Herb. |
| 942 ## - ADDED ENTRY ELEMENTS (KOHA) | |
| Source of classification or shelving scheme | |
| Koha item type | Hard Covered Materials |
| Classification part | NC1426 .F5 2000 |
| Withdrawn status | Lost status | Source of classification or shelving scheme | Damaged status | Not for loan | Home library | Current library | Shelving location | Date acquired | Source of acquisition | Total Checkouts | Full call number | Barcode | Date last seen | Price effective from | Koha item type |
|---|---|---|---|---|---|---|---|---|---|---|---|---|---|---|---|
| MACHAKOS UNIVERSITY LIBRARY | MACHAKOS UNIVERSITY LIBRARY | Technical section | 29/11/2016 | Donation(BFA) | NC1426 .F5 2000 | 28865 | 06/06/2019 | 29/11/2016 | Hard Covered Materials |